Statistics for Capital To Country Quiz

Click here to take the quiz!

General Stats

  • This quiz has been taken 53 times
    (51 since last reset)
  • The average score is 12 of 15

Answer Stats

Capital CityCountry% Correct
AmsterdamNetherlands
98%
BrusselsBelgium
96%
LimaPeru
96%
KievUkraine
92%
JakartaIndonesia
88%
BangkokThailand
88%
CaracasVenezuela
86%
HanoiVietnam
86%
TiranaAlbania
80%
MinskBelarus
76%
YerevanArmenia
65%
SucreBolivia
63%
AstanaKazakhstan
59%
NaypyidawMyanmar
51%
MaputoMozambique
49%

Score Distribution

Percentile by Number Answered

Percent of People with Each Score

Your Score History

You have not taken this quiz since the last reset